[Event "24. OSREDNJA SLOVENSKA LIGA 2023"]
[Site "gostovanja"]
[Date "2023.11.16"]
[Round "8.1"]
[White "Lah, Emil"]
[Black "Skok, Boris"]
[Result "0-1"]
[WhiteElo "1937"]
[BlackElo "1938"]
[PlyCount "128"]
[EventDate "2023.11.16"]
[WhiteTeam "SK TRZIN BUSCOTRADE"]
[BlackTeam "SD CRNI GRABEN"]

1. e4 c5 2. Nf3 e6 3. d4 cxd4 4. Nxd4 Nc6 5. Nb5 d6 6. c4 Nf6 7. N1c3 a6 8. Na3
Be7 9. Be2 O-O 10. O-O b6 11. Be3 Bb7 12. Rc1 Ne5 13. f3 Nfd7 14. f4 Ng6 15. g3
Re8 16. Bf3 Qc7 17. Qe2 Rac8 18. h4 h6 19. h5 Ngf8 20. Rfe1 Qb8 21. Nab1 Qa8
22. Nd2 Nh7 23. g4 Kh8 24. b3 Bf6 25. Qd3 Be7 26. Kg2 Nc5 27. Qe2 Bf6 28. Bf2
Nd7 29. Qd3 Be7 30. b4 Red8 31. a3 Qb8 32. Bg3 Qa8 33. Qe3 Bf6 34. Red1 Be7 35.
Ne2 e5 36. Nc3 Bf6 37. Nd5 Bxd5 38. exd5 Re8 39. Ne4 Qb8 40. Nxf6 Nhxf6 41. g5
exf4 42. Qxf4 hxg5 43. Qxg5 Nh7 44. Qf5 Ndf6 45. Qf4 Rcd8 46. Rd2 Qc7 47. c5
bxc5 48. bxc5 Qa5 49. Qb4 Qc7 50. Rcc2 Ng5 51. cxd6 Qd7 52. Qh4 Nxf3 53. Kxf3
Qf5+ 54. Kg2 Nxd5 55. Re2 Nf6 56. h6 g6 57. Rf2 Qd5+ 58. Kh2 Ne4 59. Rfd2 Qf5
60. Re2 g5 61. Qh3 Qxh3+ 62. Kxh3 Nxg3 63. Rxe8+ Rxe8 64. Kxg3 Rd8 {nejasno 
(96)} 0-1

[Event "24. OSREDNJA SLOVENSKA LIGA 2023"]
[Site "gostovanja"]
[Date "2023.11.16"]
[Round "8.2"]
[White "Hribar, Janez"]
[Black "Krupenko, Peter"]
[Result "0-1"]
[WhiteElo "1888"]
[BlackElo "2015"]
[PlyCount "70"]
[EventDate "2023.11.16"]
[WhiteTeam "SD CRNI GRABEN"]
[BlackTeam "SK TRZIN BUSCOTRADE"]

1. d4 d5 2. Nf3 Nf6 3. Bf4 c5 4. e3 Nc6 5. c3 Qb6 6. Qb3 c4 7. Qxb6 axb6 8.
Nbd2 b5 9. Ne5 b4 10. Nxc6 bxc3 11. bxc3 bxc6 12. a4 e6 13. Be2 Be7 14. Bc7 Nd7
15. O-O Ra7 16. Bg3 O-O 17. Rfb1 Ba6 18. Ra2 Rfa8 19. Rab2 f6 20. Bb8 Rxb8 21.
Rxb8+ Nxb8 22. Rxb8+ Kf7 23. e4 Bd6 24. Rb6 Bb7 25. exd5 exd5 26. g3 Bc7 27.
Rb2 Bc8 28. Bd1 Bf5 29. Ra2 Ba5 30. Bc2 Bd3 31. Bxd3 cxd3 32. Nb1 Rb7 33. Ra1
Rb2 34. Kf1 Rc2 35. Ke1 Ke7 0-1

[Event "24. OSREDNJA SLOVENSKA LIGA 2023"]
[Site "gostovanja"]
[Date "2023.11.16"]
[Round "8.3"]
[White "Krumpak, Hinko"]
[Black "Osolin, Bogdan"]
[Result "1/2-1/2"]
[WhiteElo "2008"]
[BlackElo "1965"]
[PlyCount "22"]
[EventDate "2023.11.16"]
[WhiteTeam "SK TRZIN BUSCOTRADE"]
[BlackTeam "SD CRNI GRABEN"]

1. Nf3 Nf6 2. g3 e6 3. Bg2 d5 4. c4 c6 5. b3 Be7 6. Bb2 O-O 7. O-O Ne4 8. d3
Bf6 9. Qc2 Bxb2 10. Qxb2 Qf6 11. Qxf6 Nxf6 1/2-1/2

[Event "24. OSREDNJA SLOVENSKA LIGA 2023"]
[Site "gostovanja"]
[Date "2023.11.16"]
[Round "8.4"]
[White "Majcen, Zoran"]
[Black "Rojs, Igor"]
[Result "0-1"]
[WhiteElo "1800"]
[BlackElo "1909"]
[PlyCount "120"]
[EventDate "2023.11.16"]
[WhiteTeam "SD CRNI GRABEN"]
[BlackTeam "SK TRZIN BUSCOTRADE"]

1. e4 e5 2. d4 d6 3. dxe5 dxe5 4. Qxd8+ Kxd8 5. Bc4 f6 6. Nc3 Bc5 7. f3 c6 8.
a3 a5 9. Nge2 b5 10. Bb3 Ke7 11. Nd1 a4 12. Ba2 Be6 13. Bxe6 Kxe6 14. Be3 Na6
15. Bxc5 Nxc5 16. Nf2 Rd8 17. Rd1 Ne7 18. Rxd8 Rxd8 19. Nc1 Ng6 20. g3 h5 21.
h4 f5 22. Ncd3 Nxd3+ 23. Nxd3 Rd4 24. Kd2 f4 25. gxf4 Nxf4 26. Rg1 Kf6 27. Rg5
g6 28. Ke3 Nxd3 29. cxd3 c5 30. Rg2 c4 31. dxc4 bxc4 32. Rc2 Rd3+ 33. Kf2 Rd4
34. Ke3 Ke6 35. Rg2 Rd3+ 36. Kf2 Rb3 37. Kg3 c3 38. bxc3 Rxc3 39. Rb2 Rb3 40.
Ra2 Kf6 41. Rc2 Rxa3 42. Rc6+ Kf7 43. Rc5 Ke6 44. Rc6+ Kd7 45. Rxg6 Rc3 46. Ra6
a3 47. Kf2 Rc2+ 48. Ke3 a2 49. Ra3 Rc3+ 50. Rxc3 a1=Q 51. Rd3+ Ke6 52. Kf2 Qh1
53. Ra3 Qxh4+ 54. Kg2 Kf6 55. Ra6+ Kg5 56. Ra8 Kf4 57. Rg8 Ke3 58. Rg3 Qf4 59.
Rh3 h4 60. Kg1 Qxf3 0-1

[Event "24. OSREDNJA SLOVENSKA LIGA 2023"]
[Site "gostovanja"]
[Date "2023.11.16"]
[Round "8.1"]
[White "Siraj, Svit"]
[Black "Peric, Bernard"]
[Result "0-1"]
[WhiteElo "1914"]
[BlackElo "2160"]
[PlyCount "87"]
[EventDate "2023.11.16"]
[WhiteTeam "SD VRHNIKA"]
[BlackTeam "SK VISNJA GORA - STICNA"]

1. e4 c5 2. Nf3 d6 3. c3 g6 4. Bd3 Bg7 5. O-O Nf6 6. Bc2 Nc6 7. h3 O-O 8. d4
cxd4 9. cxd4 b6 10. Nc3 Nb4 11. Bb1 Bb7 12. Re1 Rc8 13. Bg5 Qc7 14. a3 Na6 15.
Qe2 e5 16. Nb5 Qb8 17. Nxd6 Qxd6 18. dxe5 Qe6 19. exf6 Bxf6 20. Ba2 Qe7 21.
Bxf6 Qxf6 22. e5 Bxf3 23. Qxa6 Qg5 24. Qf1 Rc2 25. h4 Qg4 26. Re3 Be2 27. Qe1
Rxb2 28. Qc3 Rxa2 29. Rxa2 Bc4 30. Rd2 b5 31. Rd4 Qf5 32. Rd6 Re8 33. Qd4 a5
34. a4 Be6 35. Rd8 Qb1+ 36. Kh2 Rxd8 37. Qxd8+ Kg7 38. Qf6+ Kh6 39. Qg5+ Kg7
40. h5 Kf8 41. Qd8+ Kg7 42. Rf3 bxa4 43. Qf6+ Kh6 44. Rf4 0-1

[Event "24. OSREDNJA SLOVENSKA LIGA 2023"]
[Site "gostovanja"]
[Date "2023.11.16"]
[Round "8.2"]
[White "Baric, Dusan"]
[Black "Praznik, Anton"]
[Result "0-1"]
[WhiteElo "1943"]
[BlackElo "2011"]
[PlyCount "94"]
[EventDate "2023.11.16"]
[WhiteTeam "SK VISNJA GORA - STICNA"]
[BlackTeam "SD VRHNIKA"]

1. e4 d6 2. d4 Nf6 3. Nc3 g6 4. Nf3 Bg7 5. Be2 O-O 6. Bf4 a6 7. Qd2 b5 8. a3
Bb7 9. d5 Nbd7 10. Bh6 Nc5 11. Bxg7 Kxg7 12. Qf4 e5 13. Qh4 Nfxe4 14. Qxd8
Raxd8 15. Nxe4 Nxe4 16. Rd1 h6 17. c4 c6 18. O-O bxc4 19. Bxc4 cxd5 20. Bxd5
Bxd5 21. Rxd5 Rb8 22. Nd2 Nxd2 23. Rxd2 Rb6 24. Rfd1 Rc8 25. Kf1 Rcc6 26. b4
Kf6 27. Rd5 Ke6 28. f4 Rb5 29. Rxb5 axb5 30. fxe5 dxe5 31. Rd8 Ra6 32. Rb8 Rxa3
33. Rxb5 Kf5 34. Rb8 Kf4 35. Ke2 e4 36. g3+ Kg4 37. b5 f5 38. b6 Rb3 39. b7 g5
40. Kf2 h5 41. Ke2 Kh3 42. Rf8 Rxb7 43. Rxf5 Kg4 44. Ra5 Rb2+ 45. Ke3 Rxh2 46.
Kxe4 Re2+ 47. Kd4 Rg2 0-1

[Event "24. OSREDNJA SLOVENSKA LIGA 2023"]
[Site "gostovanja"]
[Date "2023.11.16"]
[Round "8.3"]
[White "Racnik, Tone"]
[Black "Medvesek, Janez"]
[Result "0-1"]
[WhiteElo "1837"]
[BlackElo "1836"]
[PlyCount "53"]
[EventDate "2023.11.16"]
[WhiteTeam "SD VRHNIKA"]
[BlackTeam "SK VISNJA GORA - STICNA"]

1. e4 c5 2. c4 Nc6 3. Nc3 Nf6 4. Nge2 g6 5. d4 cxd4 6. Nxd4 d6 7. Be2 Bg7 8.
Be3 Nd7 9. O-O O-O 10. Qd2 Nxd4 11. Bxd4 Bxd4 12. Qxd4 Qb6 13. Qd2 Ne5 14. Nd5
Qd8 15. f4 Nc6 16. f5 f6 17. Qh6 Ne5 18. Rac1 e6 19. fxg6 Nxg6 20. Nf4 Qb6+ 21.
c5 Qxb2 22. Nxg6 hxg6 23. Qxg6+ Kh8 24. cxd6 Qd4+ 25. Kh1 Qxd6 26. Rf3 e5 27.
Rxc8 0-1

[Event "24. OSREDNJA SLOVENSKA LIGA 2023"]
[Site "gostovanja"]
[Date "2023.11.16"]
[Round "8.4"]
[White "Jancigaj, Saso Valentin"]
[Black "Vodnik, Val"]
[Result "0-1"]
[WhiteElo "1673"]
[BlackElo "1556"]
[PlyCount "78"]
[EventDate "2023.11.16"]
[WhiteTeam "SK VISNJA GORA - STICNA"]
[BlackTeam "SD VRHNIKA"]

1. f4 d5 2. Nf3 c5 3. e3 g6 4. c3 Nf6 5. d4 Bf5 6. Bd3 Nbd7 7. Bxf5 gxf5 8.
Nbd2 e6 9. Qa4 a6 10. Ne5 b5 11. Qd1 Nxe5 12. dxe5 Ng4 13. Nf3 Be7 14. g3 h5
15. h4 c4 16. a4 Bc5 17. axb5 axb5 18. Rxa8 Qxa8 19. Qe2 Qa7 20. Nd4 Bxd4 21.
exd4 O-O 22. O-O Kg7 23. Qc2 Qa2 24. Bd2 Ra8 25. Rb1 Kg6 26. Kg2 Nh6 27. Kf3
Ng8 28. Rg1 Kh6 29. Kf2 Ne7 30. Bc1 Nc6 31. g4 hxg4 32. Rxg4 fxg4 33. f5+ Kg7
34. f6+ Kg8 35. Qd2 Qb1 36. h5 Qf5+ 37. Kg2 Qxh5 38. Qe2 Qh3+ 39. Kg1 Qg3+ 0-1

[Event "24. OSREDNJA SLOVENSKA LIGA 2023"]
[Site "gostovanja"]
[Date "2023.11.16"]
[Round "8.1"]
[White "Lucovnik, Tilen"]
[Black "Lanjscek, Miha"]
[Result "1-0"]
[WhiteElo "2170"]
[BlackElo "1785"]
[PlyCount "61"]
[EventDate "2023.11.16"]
[WhiteTeam "SK KOMENDA POPOTNIK"]
[BlackTeam "SK TRZIN PEKOS PUB"]

1. e4 c5 2. c3 Nf6 3. e5 Nd5 4. Bc4 e6 5. d4 d6 6. Nf3 Nc6 7. O-O Nb6 8. Bd3
Be7 9. Qe2 Bd7 10. dxc5 dxc5 11. Nbd2 Qc7 12. Rd1 O-O-O 13. a4 Nd5 14. Nc4 h6
15. Be4 Rhf8 16. Nd6+ Kb8 17. Nb5 Qb6 18. Bxd5 exd5 19. Rxd5 a6 20. Nd6 Na5 21.
b4 Nb3 22. Rb1 Nxc1 23. Rxc1 cxb4 24. a5 Qc6 25. c4 Be6 26. Rd2 Bxd6 27. exd6
Rxd6 28. Qe5 Rfd8 29. Rcd1 Qa4 30. Rxd6 Qxd1+ 31. Rxd1+ 1-0

[Event "24. OSREDNJA SLOVENSKA LIGA 2023"]
[Site "gostovanja"]
[Date "2023.11.16"]
[Round "8.2"]
[White "Rijavec, Stane"]
[Black "Juhant, Igor"]
[Result "0-1"]
[WhiteElo "1814"]
[BlackElo "1945"]
[PlyCount "62"]
[EventDate "2023.11.16"]
[WhiteTeam "SK TRZIN PEKOS PUB"]
[BlackTeam "SK KOMENDA POPOTNIK"]

1. Nf3 Nf6 2. d4 e6 3. Bf4 c5 4. e3 Nc6 5. c3 Be7 6. Bd3 d5 7. Nbd2 Bd7 8. Ne5
Rc8 9. g4 cxd4 10. exd4 g6 11. Qf3 Nxe5 12. Bxe5 O-O 13. h4 Bc6 14. Bxf6 Bxf6
15. g5 Bg7 16. O-O-O e5 17. dxe5 d4 18. Be4 dxc3 19. Nb3 Qb6 20. h5 Bxe4 21.
Qxe4 Qxf2 22. bxc3 Qxa2 23. Qc2 Qa3+ 24. Kb1 Bxe5 25. Rd3 a5 26. hxg6 hxg6 27.
Rdh3 a4 28. Nc1 Rxc3 29. Rh8+ Bxh8 30. Qh2 Rxc1+ 31. Rxc1 Qa1+ 0-1

[Event "24. OSREDNJA SLOVENSKA LIGA 2023"]
[Site "gostovanja"]
[Date "2023.11.16"]
[Round "8.3"]
[White "Perme, Martin"]
[Black "Konvalinka, Kostja"]
[Result "1-0"]
[WhiteElo "1759"]
[BlackElo "1726"]
[PlyCount "65"]
[EventDate "2023.11.16"]
[WhiteTeam "SK KOMENDA POPOTNIK"]
[BlackTeam "SK TRZIN PEKOS PUB"]

1. e4 c5 2. Nf3 d6 3. d4 cxd4 4. Nxd4 Nf6 5. Nc3 g6 6. f3 Bg7 7. Be3 O-O 8. Bc4
Nc6 9. Qd2 Nxd4 10. Bxd4 Be6 11. Bxe6 fxe6 12. O-O-O Qa5 13. h4 Rfc8 14. h5 Rc4
15. hxg6 hxg6 16. Qd3 Rac8 17. f4 Rxd4 18. Qxd4 Ng4 19. e5 d5 20. Qd2 Rc4 21.
Rh4 Nh6 22. g4 b5 23. Rdh1 d4 24. Nb1 Qxa2 25. Rxh6 Bxh6 26. Rxh6 Kf8 27. Rh8+
Kf7 28. Qh2 Rxc2+ 29. Kxc2 d3+ 30. Kc1 Qc4+ 31. Nc3 d2+ 32. Kxd2 Qd4+ 33. Kc2
1-0

[Event "24. OSREDNJA SLOVENSKA LIGA 2023"]
[Site "gostovanja"]
[Date "2023.11.16"]
[Round "8.4"]
[White "Bajec, Borut"]
[Black "Perme, Stanko"]
[Result "1-0"]
[WhiteElo "1714"]
[BlackElo "1033"]
[PlyCount "75"]
[EventDate "2023.11.16"]
[WhiteTeam "SK TRZIN PEKOS PUB"]
[BlackTeam "SK KOMENDA POPOTNIK"]

1. d4 g6 2. c4 Bg7 3. Nc3 c5 4. e3 cxd4 5. exd4 Nf6 6. Nf3 O-O 7. Be2 d5 8.
cxd5 Nxd5 9. O-O Nc6 10. Qb3 Nf6 11. Be3 Qc7 12. Rac1 a6 13. d5 Ne5 14. Nb5
Nxf3+ 15. Bxf3 Qa5 16. Nc7 Rb8 17. Rc5 b5 18. Rfc1 Nd7 19. R5c2 Ne5 20. Be2 Bd7
21. a3 Bf5 22. Rc5 Nd7 23. Rc6 Nb6 24. Qa2 Bxb2 25. Qxb2 Nc4 26. Bxc4 bxc4 27.
Qd2 Qxd2 28. Bxd2 Bd3 29. Nxa6 Rb2 30. Bb4 Rd8 31. h3 Be4 32. R6xc4 Bxd5 33.
Rc8 Rxc8 34. Rxc8+ Kg7 35. Bc3+ Kh6 36. Bxb2 Bb7 37. Rc7 Bxa6 38. Rxe7 1-0

[Event "24. OSREDNJA SLOVENSKA LIGA 2023"]
[Site "gostovanja"]
[Date "2023.11.16"]
[Round "8.1"]
[White "Keber, Aljosa"]
[Black "Osolin, Bojan"]
[Result "0-1"]
[WhiteElo "1861"]
[BlackElo "2075"]
[PlyCount "88"]
[EventDate "2023.11.16"]
[WhiteTeam "SK KOMENDA POGI"]
[BlackTeam "SD DOMZALE"]

1. e4 e5 2. Nf3 Nc6 3. Bb5 f5 4. Nc3 fxe4 5. Nxe4 Nf6 6. Nxf6+ Qxf6 7. Qe2 Be7
8. Bxc6 dxc6 9. Nxe5 Bf5 10. d3 O-O 11. O-O Rae8 12. Ng4 Qg6 13. Ne3 Bd6 14.
Bd2 Bh3 15. f3 Bf4 16. Rf2 Rf7 17. Kh1 Bd7 18. Re1 Rfe7 19. g3 Bxe3 20. Bxe3
Rxe3 21. Qxe3 Rxe3 22. Rxe3 c5 23. Re7 Qd6 24. Rfe2 Kf8 25. R7e4 b5 26. Rf4+
Kg8 27. Kg2 Bc6 28. h4 h6 29. Kf2 a5 30. Kg2 a4 31. Kf2 b4 32. b3 Kh7 33. Kg2
axb3 34. axb3 g5 35. hxg5 hxg5 36. Rf7+ Kg6 37. Ree7 Bd5 38. Rg7+ Kf6 39. Rxc7
g4 40. Kf2 gxf3 41. Rh7 Qe5 42. Rce7 Qb2 43. Ra7 Qxc2+ 44. Ke3 Qc1+ 0-1

[Event "24. OSREDNJA SLOVENSKA LIGA 2023"]
[Site "gostovanja"]
[Date "2023.11.16"]
[Round "8.2"]
[White "Skok, Joze"]
[Black "Babarovic, Fran"]
[Result "1-0"]
[WhiteElo "1930"]
[BlackElo "1653"]
[PlyCount "61"]
[EventDate "2023.11.16"]
[WhiteTeam "SD DOMZALE"]
[BlackTeam "SK KOMENDA POGI"]

1. e4 e5 2. Nf3 Nc6 3. Bb5 Nf6 4. d4 exd4 5. e5 Qe7 6. O-O Nd5 7. c3 a6 8. Ba4
b5 9. Bb3 Nb6 10. cxd4 d6 11. Bg5 Qd7 12. e6 fxe6 13. Bxe6 Qxe6 14. Re1 Ne5 15.
Nxe5 dxe5 16. Rxe5 Qxe5 17. dxe5 Be6 18. Nc3 Bc5 19. Ne4 Be7 20. Qh5+ Bf7 21.
Qh4 Bxg5 22. Nxg5 Bg6 23. Ne6 Kd7 24. Nxg7 Rad8 25. Qg4+ Kc6 26. Qf3+ Nd5 27.
Ne6 Rd7 28. Rc1+ Kb6 29. Nxc7 Rxc7 30. Rxc7 Nxc7 31. Qf6+ 1-0

[Event "24. OSREDNJA SLOVENSKA LIGA 2023"]
[Site "gostovanja"]
[Date "2023.11.16"]
[Round "8.3"]
[White "Zagar, Katarina"]
[Black "Markosek, Bine"]
[Result "0-1"]
[WhiteElo "1149"]
[BlackElo "1821"]
[PlyCount "106"]
[EventDate "2023.11.16"]
[WhiteTeam "SK KOMENDA POGI"]
[BlackTeam "SD DOMZALE"]

1. d4 d5 2. c4 e6 3. Nf3 Nf6 4. Nc3 Be7 5. Bf4 O-O 6. e3 b6 7. cxd5 exd5 8. Nb5
Bb4+ 9. Nd2 Ne4 10. Nc3 Nxc3 11. bxc3 Bxc3 12. Rc1 Bxd2+ 13. Qxd2 Na6 14. Qc3
c5 15. Qa3 c4 16. Be2 Nc7 17. Bf3 Be6 18. O-O Qd7 19. Qd6 Qxd6 20. Bxd6 Rfc8
21. a4 Ne8 22. Ba3 Nf6 23. Rb1 Bf5 24. Rb2 c3 25. Rb4 Rc6 26. Rc1 Bd3 27. Rb3
Rac8 28. Bb4 a5 29. Rbxc3 Rxc3 30. Rxc3 Rxc3 31. Bxc3 Bc2 32. Be2 Bxa4 33. f3
Kf8 34. Kf1 Ke7 35. Ke1 Kd6 36. Kd2 Kc6 37. Kc1 Bb5 38. Bd1 Bf1 39. g3 Kb5 40.
Bb3 Be2 41. Bd1 Bxd1 42. Kxd1 Kc4 43. Kc2 a4 44. Bb2 b5 45. g4 b4 46. g5 Nd7
47. e4 a3 48. Ba1 b3+ 49. Kc1 b2+ 50. Bxb2 axb2+ 51. Kxb2 Kxd4 52. exd5 Kxd5
53. Kc3 Ke5 0-1

[Event "24. OSREDNJA SLOVENSKA LIGA 2023"]
[Site "gostovanja"]
[Date "2023.11.16"]
[Round "8.4"]
[White "Cokan, Mirko"]
[Black "Perme, Lojze"]
[Result "1-0"]
[WhiteElo "1617"]
[BlackElo "1094"]
[PlyCount "55"]
[EventDate "2023.11.16"]
[WhiteTeam "SD DOMZALE"]
[BlackTeam "SK KOMENDA POGI"]

1. e4 e5 2. d4 exd4 3. Bc4 Nc6 4. Nf3 Bc5 5. c3 dxc3 6. Bxf7+ Kxf7 7. Qd5+ Ke8
8. Qh5+ g6 9. Qxc5 cxb2 10. Bxb2 Nf6 11. O-O Rf8 12. Re1 d6 13. Qb5 a6 14. Qb3
Bg4 15. Nbd2 Rb8 16. h3 Bxf3 17. Nxf3 Qd7 18. Rad1 Qf7 19. Qa4 Nd7 20. Rd2 Qf4
21. Qd1 h5 22. Nd4 Nxd4 23. Bxd4 c5 24. Be3 Qh4 25. Rxd6 g5 26. Qd5 g4 27. Re6+
Kd8 28. Bg5+ 1-0

[Event "24. OSREDNJA SLOVENSKA LIGA 2023"]
[Site "gostovanja"]
[Date "2023.11.16"]
[Round "8.1"]
[White "Butala, Marjan"]
[Black "Susnik, Matej"]
[Result "1/2-1/2"]
[WhiteElo "1897"]
[BlackElo "2003"]
[PlyCount "45"]
[EventDate "2023.11.16"]
[WhiteTeam "KPSRD KAREL JERAJ"]
[BlackTeam "DRUSTVO TOMO ZUPAN"]

1. c4 e6 2. Nc3 c5 3. e4 a6 4. g3 Qc7 5. Bg2 Nf6 6. Nf3 d6 7. d3 Be7 8. O-O O-O
9. h3 Nbd7 10. Nh2 Rb8 11. a4 b6 12. f4 Bb7 13. Qe2 Rfd8 14. g4 Bf8 15. g5 Ne8
16. Ng4 Bc6 17. f5 exf5 18. Rxf5 g6 19. Rf2 Bg7 20. Be3 Ne5 21. Nf6+ Kh8 22.
Raf1 Qe7 23. Kh1 1/2-1/2

[Event "24. OSREDNJA SLOVENSKA LIGA 2023"]
[Site "gostovanja"]
[Date "2023.11.16"]
[Round "8.2"]
[White "Logar, Metod"]
[Black "Mlacnik, Janez"]
[Result "1-0"]
[WhiteElo "1981"]
[BlackElo "1809"]
[PlyCount "65"]
[EventDate "2023.11.16"]
[WhiteTeam "DRUSTVO TOMO ZUPAN"]
[BlackTeam "KPSRD KAREL JERAJ"]

1. e4 e6 2. d4 d5 3. Nc3 Nf6 4. e5 Nfd7 5. f4 a6 6. Nf3 c5 7. Be3 Nc6 8. Qd2
Be7 9. Ne2 Nb6 10. b3 Nd7 11. Ng3 cxd4 12. Nxd4 Nxd4 13. Bxd4 Nb8 14. Qe3 Nc6
15. Bb6 Bb4+ 16. c3 Bxc3+ 17. Qxc3 Qxb6 18. O-O-O Bd7 19. Kb1 Rc8 20. Nh5 Nb4
21. Qg3 Qc7 22. Bc4 g6 23. Nf6+ Kf8 24. a3 b5 25. Bd3 Nxd3 26. Qxd3 Ke7 27. Rc1
Qb7 28. Qd4 a5 29. f5 a4 30. Qb4+ Kd8 31. Rxc8+ Bxc8 32. Qd6+ Bd7 33. Rc1 1-0

[Event "24. OSREDNJA SLOVENSKA LIGA 2023"]
[Site "gostovanja"]
[Date "2023.11.16"]
[Round "8.3"]
[White "Kutin, Dusan"]
[Black "Demsar, Maks"]
[Result "0-1"]
[WhiteElo "1721"]
[BlackElo "1532"]
[PlyCount "120"]
[EventDate "2023.11.16"]
[WhiteTeam "KPSRD KAREL JERAJ"]
[BlackTeam "DRUSTVO TOMO ZUPAN"]

1. e4 e5 2. Nf3 Nc6 3. d4 exd4 4. Nxd4 Bc5 5. c3 Qf6 6. Be3 Nge7 7. Be2 d5 8.
Bf3 dxe4 9. Bxe4 Nxd4 10. cxd4 Bb6 11. O-O c6 12. Nc3 Be6 13. Qd2 h6 14. Na4
Rd8 15. Nxb6 axb6 16. Qc3 Bd5 17. Bc2 O-O 18. Rfe1 Rfe8 19. h3 Ng6 20. Qd3 Be4
21. Qd2 c5 22. Bxe4 Rxe4 23. Qc2 Qe6 24. dxc5 bxc5 25. Rec1 Rc8 26. Qd3 Nf4 27.
Bxf4 Rxf4 28. Re1 Qf6 29. Re2 Rd4 30. Qb5 Rb4 31. Re8+ Rxe8 32. Qxe8+ Kh7 33.
Rd1 Rxb2 34. Qe3 c4 35. a4 Qg6 36. Rd4 Rb3 37. Qe4 c3 38. Qxg6+ Kxg6 39. Rc4
Rb1+ 40. Kh2 Rc1 41. Kg3 Kf5 42. Kf3 Ke5 43. Ke2 Kd5 44. Rc7 Ra1 45. Rxc3 Rxa4
46. Rc7 Ra2+ 47. Kf3 b5 48. Rxf7 b4 49. Rxg7 Kc4 50. Rc7+ Kd3 51. Rb7 Kc3 52.
g4 b3 53. h4 Ra5 54. Kg3 b2 55. f4 Ra3 56. Rxb2 Kxb2+ 57. Kg2 Kc3 58. f5 Kd4
59. g5 Ke5 60. f6 hxg5 0-1

[Event "24. OSREDNJA SLOVENSKA LIGA 2023"]
[Site "gostovanja"]
[Date "2023.11.16"]
[Round "8.4"]
[White "Oblak, Tija"]
[Black "Vertacnik, Viktor"]
[Result "1/2-1/2"]
[WhiteElo "1105"]
[BlackElo "1549"]
[PlyCount "87"]
[EventDate "2023.11.16"]
[WhiteTeam "DRUSTVO TOMO ZUPAN"]
[BlackTeam "KPSRD KAREL JERAJ"]

1. e4 e5 2. Nf3 Nc6 3. Bb5 Nf6 4. Qe2 Be7 5. O-O O-O 6. c3 d6 7. d3 h6 8. Re1
Re8 9. Nbd2 Nh7 10. h3 f5 11. exf5 Bxf5 12. Nf1 Ng5 13. Ne3 Bd7 14. Nd5 Nxf3+
15. Qxf3 Rf8 16. Nxe7+ Qxe7 17. Qg3 Qf6 18. Re3 Qf4 19. h4 Rf6 20. Qxf4 Rxf4
21. Re4 Rxe4 22. dxe4 Rf8 23. Be3 a6 24. Bc4+ Kh7 25. Bd5 Nd8 26. Rd1 Be6 27.
Bxe6 Nxe6 28. b4 Nf4 29. Kf1 Kg6 30. g3 Nh5 31. Kg2 Nf6 32. f3 b5 33. a3 h5 34.
Rc1 d5 35. exd5 Nxd5 36. Bc5 Rf7 37. c4 bxc4 38. Rxc4 Nb6 39. Rc2 Kf5 40. Rf2
Ke6 41. Re2 Kd5 42. Rc2 Nc4 43. Rc3 Nd6 44. a4 1/2-1/2